| 000 | 00434nam a2200157 i 4500 | ||
|---|---|---|---|
| 001 | 51879 | ||
| 003 | ES-MaACL | ||
| 005 | 20230906162448.0 | ||
| 007 | t| | ||
| 008 | 030820s1964 sp ||||1| spa d | ||
| 100 | 1 |
_aDaris Olms, Marcelino. _942727 |
|
| 245 | 1 | 0 |
_aCultivo del algarrobo / _cMarcelino Daris Olms. |
| 260 |
_aBarcelona : _bSintes, _c[1964] |
||
| 300 |
_a170 p. : _bil. ; _c18 cm. |
||
| 852 |
_aES-MaACL _jC-26107 _bR.54657 |
||
| 999 |
_c51879 _d51879 |
||